000 00298nam a22001337a 4500
008 180103b xxu||||| |||| 00| 0 eng d
020 _a656164001
041 _aeng
080 _a910
100 _a42
101 _aGJEO
245 _aFundamentals of POPULATION GEOGRAPHY
_cGhosh
942 _2udc
_cBK
999 _c39579
_d39579